[Event "Wichern op 5th"]
[Site "Hamburg"]
[Date "1999.10.17"]
[Round "4"]
[White "Gaprindashvili, Valerian"]
[Black "Volzhin, Alexander"]
[Result "1/2-1/2"]
[WhiteElo "2390"]
[BlackElo "2569"]

1.d4 Nf6 2.c4 e6 3.Nc3 Bb4 4.Qc2 O-O 5.e4 d5 6.e5 Ne4 7.Bd3 c5 8.cxd5 exd5
9.Ne2 Nc6 10.O-O Bf5 11.f3 c4 12.fxe4 cxd3 13.Qxd3 dxe4 14.Qe3 Bg6 15.Nxe4 Qb6
16.a3 Be7 17.Nd2 Rad8 18.Nf3 Bh5 19.Kh1 Bxf3 20.Qxf3 Nxd4 21.Nxd4 Qxd4 22.Qxb7 Bc5
23.Rb1  1/2-1/2

[Event "Wichern op 5th"]
[Site "Hamburg"]
[Date "1999.10.18"]
[Round "5"]
[White "Lahlum, Hans Olav"]
[Black "Aagaard, Jacob"]
[Result "0-1"]
[WhiteElo "2214"]
[BlackElo "2403"]

1.d4 Nf6 2.c4 e6 3.Nc3 Bb4 4.Qc2 O-O 5.a3 Bxc3+ 6.Qxc3 d6 7.Bg5 Nbd7 8.e3 b6
9.Be2 Bb7 10.Bf3 Bxf3 11.Nxf3 c5 12.dxc5 bxc5 13.O-O Qb6 14.Rfd1 a5 15.b3 Rfb8
16.Rab1 a4 17.b4 cxb4 18.Rxb4 Qc5 19.Bxf6 Nxf6 20.Rdb1 Rc8 21.Qd4 h6 22.Qxc5 Rxc5
23.Rb8+ Rxb8 24.Rxb8+ Kh7 25.Rb4 d5 26.Nd2 dxc4 27.Rxc4 Rb5 28.Rxa4 Rb2 29.Nf1 Nd5
30.Rc4 Ra2 31.a4 g5 32.g3 Kg6 33.e4 Nb6 34.Rc6 Nd7 35.Ne3 Ne5 36.Ra6 g4 37.Kg2 h5
38.h3 gxh3+ 39.Kxh3 Rxf2 40.Ng2 Nf3 41.Nh4+ Nxh4 42.gxh4 Rf3+ 43.Kg2 Re3
44.Ra8 Rxe4 45.Kg3 Kf5 46.Rg8 f6 47.a5 Re3+ 48.Kf2 Ra3  0-1

[Event "Wichern op 5th"]
[Site "Hamburg"]
[Date "1999.10.19"]
[Round "6"]
[White "Levin, Felix"]
[Black "Breyther, Ruediger"]
[Result "1-0"]
[WhiteElo "2531"]
[BlackElo "2358"]

1.d4 Nf6 2.c4 e6 3.Nc3 Bb4 4.Qc2 O-O 5.a3 Bxc3+ 6.Qxc3 Ne4 7.Qc2 f5 8.Nh3 b6
9.f3 Nf6 10.e3 Bb7 11.Be2 a5 12.b3 Qe7 13.Bb2 c5 14.O-O Nc6 15.Rad1 a4 16.bxa4 Na5
17.Rb1 Rfc8 18.dxc5 bxc5 19.Nf2 Bc6 20.Nd1 Rcb8 21.Nc3 d5 22.Nb5 dxc4 23.Be5 Nd5
24.Bxb8 Nxe3 25.Qd2 Qg5 26.Rf2  1-0

[Event "Wichern op 5th"]
[Site "Hamburg"]
[Date "1999.10.21"]
[Round "8"]
[White "Giorgadze, Giorgi"]
[Black "Lugovoi, Aleksei"]
[Result "1-0"]
[WhiteElo "2602"]
[BlackElo "2509"]

1.d4 Nf6 2.c4 e6 3.Nc3 Bb4 4.Qc2 O-O 5.e4 c5 6.a3 Bxc3+ 7.bxc3 Ne8 8.Bd3 Nc6
9.dxc5 Qe7 10.Be3 Nc7 11.f4 Na6 12.Qf2 Na5 13.e5 f5 14.Rb1 b6 15.cxb6 axb6
16.Bxb6 Nb7 17.Rb5 Qxa3 18.Ne2 Nac5 19.Qe3 Na4 20.Bd4 Nb2 21.O-O Qa2 22.Nc1 Qa3
23.Rb3 Qa1 24.Be2 Na5 25.Rb4 Nc6 26.Qd2 Nxb4 27.cxb4 Nxc4 28.Bxc4 Qa4 29.Bc5 Re8
30.Nb3 Bb7 31.Nd4 Ba6 32.Bb3 Qa3 33.Rb1 Bb7 34.Nb5  1-0

[Event "Wch U18"]
[Site "Oropesa del Mar"]
[Date "1999.10.24"]
[Round "1"]
[White "Ballo, Emanuel"]
[Black "Fedorchuk, Sergey A"]
[Result "0-1"]
[WhiteElo "2221"]
[BlackElo "2457"]

1.d4 Nf6 2.c4 e6 3.Nc3 Bb4 4.Qc2 O-O 5.a3 Bxc3+ 6.Qxc3 b6 7.Bg5 Bb7 8.f3 h6
9.Bh4 d5 10.e3 Nbd7 11.Bd3 c5 12.cxd5 cxd4 13.Qxd4 e5 14.Qc3 Rc8 15.Qd2 Bxd5
16.Bf5 Rc7 17.Ne2 Bc4 18.O-O Nc5 19.Bc2 Bd3 20.Bxf6 gxf6 21.Bxd3 Qxd3 22.Qxd3 Nxd3
23.Nc3 Nxb2 24.Nd5 Rc2 25.Nxf6+ Kg7 26.Ne4 f6  0-1

[Event "28th It"]
[Site "Lazarevac YUG"]
[Date "1999.11.02"]
[Round "3"]
[White "Ivanisevic,I"]
[Black "Dimitrov,V"]
[Result "1-0"]
[WhiteElo "2447"]
[BlackElo "2464"]

1.d4 Nf6 2.c4 e6 3.Nc3 Bb4 4.Qc2 O-O 5.e4 d6 6.a3 Bxc3+ 7.bxc3 Nbd7 8.Bd3 c5
9.Ne2 Qc7 10.Ng3 cxd4 11.cxd4 e5 12.O-O exd4 13.Bb2 Ne5 14.Bxd4 Nxd3 15.Bxf6 Ne5
16.Nh5 Qxc4 17.Qxc4 Nxc4 18.Bxg7  1-0

[Event "Wch U18 Girls"]
[Site "Oropesa del Mar"]
[Date "1999.11.02"]
[Round "9"]
[White "Plachkinova, T."]
[Black "Javakhishvili, Lela"]
[Result "0-1"]
[WhiteElo "2070"]
[BlackElo "2181"]

1.d4 Nf6 2.c4 e6 3.Nc3 Bb4 4.Qc2 O-O 5.a3 Bxc3+ 6.Qxc3 b6 7.f3 c5 8.dxc5 bxc5
9.Bf4 d5 10.e3 Qb6 11.Ne2 Nbd7 12.Ng3 h6 13.Be2 a5 14.O-O Bb7 15.Kh1 Bc6
16.e4 d4 17.Qc1 Nh7 18.Bd6 Rfe8 19.e5 Bb7 20.f4 f5 21.Bh5 Rec8 22.Bg6 Nhf8
23.Bxf5 exf5 24.Nxf5 Ng6 25.Qc2 Ndf8 26.h4 h5 27.Qe2 Qc6 28.Rf2 Ne6 29.Rg1 Nexf4
30.Qc2 d3 31.Qc3 Qe4 32.Ng3 Qe3 33.Kh2 Qxf2  0-1

[Event "Chigorin mem"]
[Site "St Petersburg"]
[Date "1999.11.03"]
[Round "2"]
[White "Doroshkievich, Vladimir K"]
[Black "Shishkov, Andrei"]
[Result "1-0"]
[WhiteElo "2400"]
[BlackElo "2303"]

1.d4 Nf6 2.c4 e6 3.Nc3 Bb4 4.Qc2 O-O 5.e4 c5 6.a3 Qa5 7.axb4 Qxa1 8.bxc5 Nc6
9.Nf3 e5 10.dxe5 Ng4 11.Be2 Qa5 12.h3 Ngxe5 13.Nxe5 Nxe5 14.Be3 b6 15.cxb6 axb6
16.O-O Bb7 17.Qb3 Ba6 18.Nd5 Rfb8 19.Bf4 d6 20.Bxe5 dxe5 21.Ne7+ Kh8 22.Nc6 Qd2
23.Nxb8 Rxb8 24.Bf3 Qd4 25.Rc1 Rc8 26.Qa3 Ra8 27.c5 bxc5 28.Rxc5 Rb8 29.Rc7 Bc4
30.Qb4  1-0

[Event "28th It"]
[Site "Lazarevac YUG"]
[Date "1999.11.04"]
[Round "5"]
[White "Govedarica,R"]
[Black "Perunovic,Mil"]
[Result "1/2-1/2"]
[WhiteElo "2476"]
[BlackElo "2319"]

1.d4 Nf6 2.c4 e6 3.Nc3 Bb4 4.Qc2 O-O 5.a3 Bxc3+ 6.Qxc3 Ne4 7.Qc2 f5 8.Nh3 b6
9.f3 Nf6 10.e3 Bb7 11.b4 Nc6 12.Bb2 Ne7 13.Nf2 Qe8 14.O-O-O d5 15.Kb1 c5
16.dxc5 bxc5 17.b5 a6 18.cxd5 Nexd5 19.Qxc5 Rc8 20.Qd4 axb5 21.e4 fxe4 22.Nxe4 e5
23.Nxf6+ gxf6 24.Qd2 b4 25.Rc1 Rxc1+ 26.Qxc1 Qa4 27.Qc2 Qa5 28.axb4 Nxb4
29.Qb3+ Kh8 30.Bc3 Rb8 31.Bb2 Bc6 32.Qe6 Qd8 33.Bc4 Bd7 34.Qxe5 Nd3 35.Qxb8 Qxb8
36.Bxd3 Kg7 37.g4 Qb3 38.Be4 h6 39.h4 Kf7 40.Rc1 Bb5 41.Rc7+ Ke8 42.Rc3 Qd1+
43.Bc1 Qe1 44.Re3 Qb4+ 45.Bb2 Kf8 46.Rc3 Bc4 47.Kc2 Qa4+ 48.Kc1 Kf7 49.h5 Qb4
50.Kc2 Qa4+ 51.Kd2 Qd7+ 52.Kc1 Qd4 53.Kb1 Qd1+ 54.Bc1 Kg7 55.Ra3 Qg1 56.Kc2 Bd5
57.Bxd5 Qc5+ 58.Rc3 Qxd5 59.Bf4 Qa2+ 60.Kd3 Qb1+  1/2-1/2

[Event "Wch U14"]
[Site "Oropesa del Mar"]
[Date "1999.11.04"]
[Round "10"]
[White "Palo, Davor"]
[Black "Steigman, AJ."]
[Result "1-0"]
[WhiteElo "2141"]
[BlackElo "2226"]

1.d4 Nf6 2.c4 e6 3.Nc3 Bb4 4.Qc2 O-O 5.Nf3 d6 6.Bd2 Nbd7 7.g3 b6 8.Bg2 Bb7
9.a3 Bxc3 10.Bxc3 e5 11.O-O Re8 12.Rad1 Be4 13.Qc1 exd4 14.Bxd4 a5 15.b3 Qe7
16.Rfe1 Rad8 17.Qb2 c6 18.Bc3 d5 19.cxd5 cxd5 20.Bh3 Nc5 21.Nd4 Qb7 22.Bd2 Ne6
23.Be3 Nd7 24.Rc1 Nxd4 25.Bxd4 f6 26.Rc3 Nb8 27.Rec1 Re7 28.b4 Bg6 29.Bc8 Qa8
30.b5 Rde8 31.e3 Qa7 32.a4 h5 33.Qa3 Rd7 34.h4 Be4 35.Kh2 Rde7 36.Qd6 Qa8
37.Rc7 Rxc7 38.Rxc7 Bf5 39.Bxf5 Rf8 40.Qe7 Nd7 41.Rxd7 Rf7 42.Qxf7+ Kh8 43.Qxg7+  1-0

[Event "ESP-chT Div 1"]
[Site "Cala Galdana"]
[Date "1999.11.08"]
[Round "1"]
[White "Narciso Dublan, Marc"]
[Black "Izeta Txabarri, Felix"]
[Result "1/2-1/2"]
[WhiteElo "2447"]
[BlackElo "2505"]

1.d4 Nf6 2.c4 e6 3.Nc3 Bb4 4.Qc2 O-O 5.a3 Bxc3+ 6.Qxc3 b6 7.Nf3 Bb7 8.g3 d6
9.Bg2 Nbd7 10.O-O c5 11.dxc5 Nxc5 12.b4 Nce4 13.Qd3 Qc7 14.Nd4 d5 15.cxd5 Bxd5
16.Bb2 Qb7 17.f3 Nd6 18.Rfc1 b5 19.e4 Bc4 20.Qe3 e5 21.Nf5 Nxf5 22.exf5 Rae8
23.Re1 Qd7 24.Bxe5 Qxf5 25.Qd4 a6 26.Qf4 Qg6 27.Rad1 h6 28.Bd4 Rxe1+ 29.Rxe1 Rd8
30.Bh3 Qg5 31.Qxg5 hxg5 32.Be3 Rd3 33.Bxg5 Rxa3 34.Bc8 Rxf3  1/2-1/2

[Event "Chigorin mem"]
[Site "St Petersburg"]
[Date "1999.11.08"]
[Round "7"]
[White "Yarovik, Yuri"]
[Black "Terekhov, Andrey"]
[Result "1-0"]
[WhiteElo "2401"]
[BlackElo "2316"]

1.d4 Nf6 2.c4 e6 3.Nc3 Bb4 4.Qc2 O-O 5.Bg5 Nc6 6.Nf3 d6 7.e3 h6 8.Bh4 e5
9.d5 Nb8 10.a3 Bxc3+ 11.Qxc3 Nbd7 12.Be2 Qe7 13.Nd2 Re8 14.Bg3 a5 15.b4 axb4
16.axb4 Rxa1+ 17.Qxa1 b5 18.e4 bxc4 19.Bxc4 Nxe4 20.Nxe4 f5 21.Nc5 Nb6 22.Bb3 f4
23.O-O fxg3 24.hxg3 Qf7 25.Qa2 Kh8 26.Ne4 Bb7 27.Qa7 Bxd5 28.Nxd6 cxd6 29.Qxf7 Bxf7
30.Bxf7 Rf8 31.Be6 Re8 32.Bb3 d5 33.Rc1 d4 34.Rc6 Rb8 35.b5 Nd7 36.Be6 Nb6
37.Bf5 Na4 38.Rc4 Nb6 39.Rc5 Re8 40.Rc6 Rb8 41.Kf1 Na4 42.Rc4 Nb6 43.Rc5 Re8
44.Bg6 Re6 45.Rc6 Rxc6 46.bxc6 Nd5 47.Ke2 Kg8 48.Kf3 Kf8 49.Ke4  1-0

[Event "FSIM November"]
[Site "Budapest HUN"]
[Date "1999.11.09"]
[Round "4"]
[White "Keatinge Clay,A"]
[Black "Hardicsay,P"]
[Result "1/2-1/2"]
[WhiteElo "2278"]
[BlackElo "2304"]

1.d4 Nf6 2.c4 e6 3.Nc3 Bb4 4.Qc2 O-O 5.a3 Bxc3+ 6.Qxc3 b6 7.Bg5 Ba6 8.Nf3 d6
9.e3 Nbd7 10.Bd3 h6 11.Bh4 c5 12.O-O cxd4 13.exd4 Rc8 14.Rac1 Bxc4 15.Bxc4 d5
16.Qb4 dxc4 17.Rxc4 Rxc4 18.Qxc4 Qa8 19.Rc1 Nd5 20.Qc6 Qxc6 21.Rxc6 Re8 22.Bg3 f6
23.Kf1 Kf7 24.Ke2 Nb8 25.Rc4 Ke7 26.Nd2 Kd7 27.b4 a6 28.Ne4 Nc6 29.Kd3 Ra8
30.Rc1  1/2-1/2

[Event "ch-ESP (team) Div 2"]
[Site "Cala Galdana ESP"]
[Date "1999.11.14"]
[Round "7"]
[White "Zlotnik,B"]
[Black "Veingold,A"]
[Result "1-0"]
[WhiteElo "2408"]
[BlackElo "2460"]

1.d4 Nf6 2.c4 e6 3.Nc3 Bb4 4.Qc2 O-O 5.a3 Bxc3+ 6.Qxc3 b6 7.Nf3 Bb7 8.e3 d6
9.b3 Nbd7 10.Bb2 Ne4 11.Qc2 f5 12.Be2 Ng5 13.d5 Nxf3+ 14.Bxf3 Ne5 15.O-O-O Qe7
16.Rhg1 Rad8 17.h3 a5 18.a4 Rd7 19.dxe6 Nxf3 20.gxf3 Qxe6 21.Qc3 Qh6 22.f4 Bf3
23.Rde1 Bh5 24.Qd4 Bg6 25.Qd5+ Rdf7 26.Qf3 Bh5 27.Qd5 Bg6 28.Rg5 Qh4 29.Qf3 Re8
30.Reg1 Re4 31.Qg3 Qxg3 32.R1xg3 d5 33.cxd5 Rd7 34.h4 Rxd5 35.h5 b5 36.axb5 Rxb5
37.hxg6 h6 38.Rh5 Rxb3 39.Bd4 c5 40.Be5 a4  1-0

[Event "FSIM November"]
[Site "Budapest HUN"]
[Date "1999.11.16"]
[Round "11"]
[White "Keatinge Clay,A"]
[Black "Eperjesi,L"]
[Result "1/2-1/2"]
[WhiteElo "2278"]
[BlackElo "2381"]

1.d4 Nf6 2.c4 e6 3.Nc3 Bb4 4.Qc2 O-O 5.a3 Bxc3+ 6.Qxc3 d6 7.Bg5 Nbd7 8.Nf3 h6
9.Bh4 Qe8 10.e3 Ne4 11.Qc2 f5 12.Nd2 Nxd2 13.Qxd2 e5 14.dxe5 Nxe5 15.f3 Be6
16.Qc3 a5 17.c5 Ng6 18.Bf2 dxc5 19.Qxc5 Qf7 20.Rc1 c6 21.Bd3 Rfd8 22.Qc3 a4
23.O-O Bb3 24.g4 fxg4 25.fxg4 Ne5 26.Bg3 Rxd3 27.Rxf7 Rxc3 28.Rxg7+ Kxg7
29.Bxe5+ Kg6 30.Rxc3 Rd8 31.Kf2 h5 32.h3 hxg4 33.hxg4 Be6 34.Kf3 Rd1 35.Bf4 Rd2
36.Rc5 Rxb2 37.Rg5+ Kf6 38.Ra5 Bd5+ 39.e4 Rb3+ 40.Be3 Be6 41.g5+ Kg6 42.Rxa4 c5
43.Kf4 c4 44.Rb4 c3 45.Rxb3 Bxb3 46.Ke5 c2 47.Kd6 Kf7 48.Kc7 b5 49.Kc6 Bc4
50.Kc5 Bd3 51.Kd4 Be2 52.Ke5 Bc4 53.Bc1 Bf1 54.Bb2 Kg6 55.Kd6 Kxg5 56.e5 Kf5
57.e6 Bc4 58.e7 Bf7 59.Kd7 Ke4 60.e8=Q+ Bxe8+ 61.Kxe8 Kd5 62.Kd7 Kc4 63.Kc6 Kb3
64.Bc1  1/2-1/2

[Event "Masters"]
[Site "Kilkenny IRL"]
[Date "1999.11.28"]
[Round "6"]
[White "Dempsey,P"]
[Black "Brady,S"]
[Result "1/2-1/2"]
[WhiteElo "2168"]
[BlackElo "2310"]

1.d4 Nf6 2.c4 e6 3.Nc3 Bb4 4.Qc2 O-O 5.Bg5 h6 6.Bh4 c5 7.dxc5 Nc6 8.e3 Bxc5
9.a3 b6 10.Nf3 Bb7 11.Be2 a6 12.O-O Be7 13.Rad1 Rc8 14.b4 d5 15.cxd5 Nxd5
16.Bxe7 Ncxe7 17.Rd3 a5 18.Qb2 Rxc3 19.Rxc3 Nxc3 20.Qxc3 Nd5 21.Qb2 axb4
22.axb4 Qe7 23.b5 Rc8 24.Rc1 Rc5 25.Rxc5 Qxc5 26.Nd4 Nc3 27.Bf1 Be4 28.h3 e5
29.Nf3 g6 30.Nd2 Bf5 31.Nf3 Bd7 32.Qa1 Kg7 33.Qb2 Be8 34.Kh1 h5 35.Kg1 Kh6
36.Kh1 Kg7 37.Kg1 Kf6  1/2-1/2

[Event "Eu Team Ch (women)"]
[Site "Batumi GEO"]
[Date "1999.11.30"]
[Round "2"]
[White "Zhukova,N"]
[Black "Maric,A"]
[Result "1/2-1/2"]
[WhiteElo "2462"]
[BlackElo "2489"]

1.d4 Nf6 2.c4 e6 3.Nc3 Bb4 4.Qc2 O-O 5.a3 Bxc3+ 6.Qxc3 b6 7.Bg5 Bb7 8.f3 d5
9.e3 Nbd7 10.Nh3 h6 11.Bh4 c5 12.cxd5 exd5 13.Bb5 Ne4 14.Bxd8 Nxc3 15.bxc3 Rfxd8
16.Kd2 Rac8 17.Nf2 Nf6 18.Nd3 Ne8 19.Ne5 Nd6 20.Bd3 f6 21.Ng6 Kf7 22.h4  1/2-1/2

[Event "Eu Team Ch (women)"]
[Site "Batumi GEO"]
[Date "1999.12.01"]
[Round "3"]
[White "Nicoara,M"]
[Black "Pokorna,Reg"]
[Result "0-1"]
[WhiteElo "2247"]
[BlackElo "2198"]

1.d4 Nf6 2.c4 e6 3.Nc3 Bb4 4.Qc2 O-O 5.a3 Bxc3+ 6.Qxc3 h6 7.e3 b6 8.Bd3 Bb7
9.f3 c5 10.dxc5 bxc5 11.Ne2 a5 12.b3 Qe7 13.Bb2 d5 14.O-O Nbd7 15.Ng3 Rfb8
16.Rfe1 Qf8 17.Rad1 Ra7 18.Bc2 a4 19.bxa4 Ba6 20.Bd3 Nb6 21.Qc2 dxc4 22.Bf1 Nfd5
23.Be5 Rc8 24.e4 Ne7 25.a5 Nd7 26.Bd6 Qe8 27.Qc3 Nc6 28.Nh5 f6 29.Nf4 Nd4
30.Bxc4 Bxc4 31.Qxc4 Rxa5 32.e5 f5 33.Qc3 Raa8 34.Bxc5 Nb5 35.Qd3 Nxc5  0-1

[Event "Eu Team Ch (women)"]
[Site "Batumi GEO"]
[Date "1999.12.01"]
[Round "3"]
[White "Medic,Mir"]
[Black "Milligan,H"]
[Result "1-0"]
[WhiteElo "2312"]
[BlackElo "2138"]

1.d4 Nf6 2.c4 e6 3.Nc3 Bb4 4.Qc2 O-O 5.Bg5 b6 6.e4 h6 7.Bh4 Be7 8.Bd3 d6
9.Nge2 Nbd7 10.O-O e5 11.f3 g5 12.Bf2 Nh5 13.Nd5 c6 14.Ne3 Ndf6 15.c5 exd4
16.Nxd4 bxc5 17.Nxc6 Qc7 18.Nxe7+ Qxe7 19.Rfe1 Ng7 20.Nc4 Ne6 21.e5 dxe5
22.Nxe5 Qc7 23.Rac1 Rb8 24.b3 Qb6 25.Bc4 Rb7 26.Bxe6 Bxe6 27.Bxc5 Qa6 28.Bxf8 Kxf8
29.Nd3 Qb6+ 30.Qf2 Bf5 31.Qc5+ Kg7 32.Qxb6 axb6 33.Nb4 Bg6 34.a4 Bf5 35.Nc6 Rd7
36.Ne5 Rb7 37.Red1 Be6 38.Nc4 Nd5 39.Rd2 Nf4 40.g3 Nd5 41.Nd6 Rb8 42.Nb5 Nf6
43.Nd4 Bd7 44.Rc7 Be8 45.Ne6+ Kg6 46.Rd8 Rxd8 47.Nxd8 Nd5 48.Ra7 f6 49.a5  1-0

[Event "Eu Team Ch"]
[Site "Batumi GEO"]
[Date "1999.12.02"]
[Round "4"]
[White "Kozul,Z"]
[Black "Kacheishvili,G"]
[Result "1/2-1/2"]
[WhiteElo "2612"]
[BlackElo "2577"]

1.d4 Nf6 2.c4 e6 3.Nc3 Bb4 4.Qc2 O-O 5.a3 Bxc3+ 6.Qxc3 b6 7.e3 Bb7 8.b3 d6
9.Bb2 Nbd7 10.Rd1 Ne4 11.Qc2 f5 12.Nh3 Qh4 13.d5 Rae8 14.Be2 e5 15.O-O Rf6
16.f3 Rg6 17.fxe4 Qxh3 18.Bd3 Rg5 19.Kh1 Qg4 20.h3 Qh4 21.exf5 e4 22.Be2 Nf6
23.Rde1 Bc8 24.Bd1 Rxf5 25.Qd2 Rf8 26.Rxf5 Bxf5 27.Rf1 Nh5 28.Bxh5 Qxh5 29.Kh2 Qg6
30.Qf2 Rf7 31.Qh4 h6 32.Rf4 Qg5 33.Qxg5 hxg5 34.Rf1 Bd7 35.Rxf7 Kxf7 36.a4 c6
37.dxc6 Bxc6 38.Bd4 d5 39.c5 b5 40.axb5 Bxb5 41.Bc3 g6 42.Kg3 Bd7 43.Kf2 Bb5
44.Ke1 Ke7 45.Bg7 Kf7 46.Bh6 Kf6 47.Bf8 Kf7 48.Bd6 Ke6 49.Bf8 Kf7 50.Bh6 Kf6
51.Kf2 Kf5 52.Bf8 Kf6 53.Bd6 a6 54.Ke1 Ke6 55.Bf8 Kf7 56.Bh6 Kf6 57.g4 a5
58.Bf8 a4 59.bxa4 Bxa4 60.Kd2 Bb5 61.Ke1 Kf7 62.Bd6 Ke6 63.Bc7 Kd7 64.Be5 Ke6
65.Bd4 Ke7 66.Bg7 Kf7 67.Bh6 Kf6 68.Kf2 Ba4 69.Ke2 Bb5+ 70.Ke1 Ba4 71.Kf2  1/2-1/2

[Event "Eu Team Ch"]
[Site "Batumi GEO"]
[Date "1999.12.02"]
[Round "4"]
[White "Gabriel,Ch"]
[Black "Izeta,F"]
[Result "1/2-1/2"]
[WhiteElo "2578"]
[BlackElo "2505"]

1.d4 Nf6 2.c4 e6 3.Nc3 Bb4 4.Qc2 O-O 5.a3 Bxc3+ 6.Qxc3 b6 7.Nf3 Bb7 8.e3 d6
9.b3 Nbd7 10.Bb2 Qe7 11.Be2 c5 12.O-O d5 13.a4 a5 14.dxc5 Nxc5 15.cxd5 Bxd5
16.Nd2 Rfd8 17.f3 Rac8 18.Nc4 Bxc4 19.Bxc4 Nd3 20.Ba3 Qc7 21.f4 Ne4 22.Qc2 Ndc5
23.Rad1 Rxd1 24.Rxd1 h6 25.Bb2 f5 26.Be5 Qe7 27.Rd4 Kh7 28.Qd1 Nc3 29.Qc2 N3e4
30.Qd1  1/2-1/2

[Event "Eu Team Ch"]
[Site "Batumi GEO"]
[Date "1999.12.02"]
[Round "4"]
[White "Gabriel,Ch"]
[Black "Izeta,F"]
[Result "1/2-1/2"]
[WhiteElo "2578"]
[BlackElo "2505"]

1.d4 Nf6 2.c4 e6 3.Nc3 Bb4 4.Qc2 O-O 5.a3 Bxc3+ 6.Qxc3 b6 7.Nf3 Bb7 8.e3 d6
9.b3 Nbd7 10.Bb2 Qe7 11.Be2 c5 12.O-O d5 13.a4 a5 14.dxc5 Nxc5 15.cxd5 Bxd5
16.Nd2 Rfd8 17.f3 Rac8 18.Nc4 Bxc4 19.Bxc4 Nd3 20.Ba3 Qc7 21.f4 Ne4 22.Qc2 Ndc5
23.Rad1 Rxd1 24.Rxd1 h6 25.Bb2 f5 26.Be5 Qe7 27.Rd4 Kh7 28.Qd1 Nc3 29.Qc2 N3e4
30.Bd3 Qe8  1/2-1/2

[Event "Eu Team Ch"]
[Site "Batumi GEO"]
[Date "1999.12.03"]
[Round "5"]
[White "Bagaturov,G"]
[Black "Kurajica,B"]
[Result "1/2-1/2"]
[WhiteElo "2532"]
[BlackElo "2541"]

1.d4 Nf6 2.c4 e6 3.Nc3 Bb4 4.Qc2 O-O 5.a3 Bxc3+ 6.Qxc3 Ne4 7.Qc2 f5 8.g3 b6
9.Bg2 Bb7 10.Nf3 Nf6 11.O-O Be4 12.Qc3 Qe7 13.b4 d6 14.Bb2 Nbd7 15.Rfd1 Ng4
16.Bf1 f4 17.Bg2 Rae8 18.a4 Ndf6 19.Rf1 e5 20.dxe5 Nxe5 21.Nxe5  1/2-1/2

[Event "Eu Team Ch"]
[Site "Batumi GEO"]
[Date "1999.12.04"]
[Round "5"]
[White "Bagaturov,G"]
[Black "Kurajica,B"]
[Result "1/2-1/2"]
[WhiteElo "2532"]
[BlackElo "2541"]

1.d4 Nf6 2.c4 e6 3.Nc3 Bb4 4.Qc2 O-O 5.a3 Bxc3+ 6.Qxc3 Ne4 7.Qc2 f5 8.g3 b6
9.Bg2 Bb7 10.Nf3 Nf6 11.O-O Be4 12.Qc3 Qe7 13.b4 d6 14.Bb2 Nbd7 15.Rfd1 Ng4
16.Bf1 f4 17.Bg2 Rae8 18.a4 Ndf6 19.Rf1 e5 20.Nxe5  1/2-1/2

[Event "Eu Team Ch"]
[Site "Batumi GEO"]
[Date "1999.12.05"]
[Round "6"]
[White "Gaprindashvili,V"]
[Black "Agopov,M"]
[Result "0-1"]
[WhiteElo "2390"]
[BlackElo "2409"]

1.d4 Nf6 2.c4 e6 3.Nc3 Bb4 4.Qc2 O-O 5.e4 d5 6.e5 Ne4 7.a3 Bxc3+ 8.bxc3 c5
9.Bd3 Nc6 10.Bb2 f5 11.Nf3 b6 12.O-O Ba6 13.cxd5 Bxd3 14.Qxd3 exd5 15.dxc5 Nxc5
16.Qc2 Na5 17.a4 Nc4 18.Ba3 Rc8 19.Rfd1 Qd7 20.Bxc5 bxc5 21.Qe2 Rfd8 22.Ng5 Qe7
23.f4 h6 24.Nf3 Rb8 25.Rab1 Rb6 26.Qf2 Qb7 27.Qa2 Kh8 28.a5 Qa6 29.Rxb6 axb6
30.e6 bxa5 31.Qe2 Re8 32.Rxd5 Rxe6 33.Qf2 Ne3 34.Ne5 Nxd5  0-1

[Event "Eu Team Ch"]
[Site "Batumi GEO"]
[Date "1999.12.06"]
[Round "7"]
[White "Kacheishvili,G"]
[Black "Istratescu,A"]
[Result "1-0"]
[WhiteElo "2577"]
[BlackElo "2570"]

1.d4 Nf6 2.c4 e6 3.Nc3 Bb4 4.Qc2 O-O 5.a3 Bxc3+ 6.Qxc3 b6 7.Bg5 Ba6 8.e3 c5
9.dxc5 bxc5 10.Bd3 d5 11.O-O-O Nbd7 12.cxd5 Bxd3 13.dxe6 c4 14.exd7 Qxd7
15.Bxf6 gxf6 16.Ne2 Rab8 17.Nf4 Rfc8 18.Nh5 Qa4 19.Nxf6+ Kf8 20.Nd5 Ke8 21.Rd2 Kd7
22.Rhd1 Rb3 23.Qd4 Qxa3 24.Nc3+ Qd6 25.Rxd3 cxd3 26.Qa4+  1-0

[Event "Eu Team Ch"]
[Site "Batumi GEO"]
[Date "1999.12.07"]
[Round "9"]
[White "Akesson,R"]
[Black "Hracek,Z"]
[Result "1/2-1/2"]
[WhiteElo "2535"]
[BlackElo "2629"]

1.d4 Nf6 2.c4 e6 3.Nc3 Bb4 4.Qc2 O-O 5.a3 Bxc3+ 6.Qxc3 b6 7.Bg5 Bb7 8.f3 h6
9.Bh4 d5 10.e3 Re8 11.Nh3 c5 12.cxd5 exd5 13.Bb5 Bc6 14.Be2 g5 15.Bf2 cxd4
16.Qxd4 Bd7 17.Rc1 Nc6 18.Qd1 Ne5 19.f4 Ng6 20.fxg5 Ne4 21.Qxd5 Bxh3 22.Qxd8 Raxd8
23.gxh3 Rd2 24.Bf3 Rxf2 25.Bxe4 Rxb2 26.Bxg6 fxg6 27.O-O hxg5 28.Rc7  1/2-1/2

[Event "Eu Team Ch"]
[Site "Batumi GEO"]
[Date "1999.12.07"]
[Round "9"]
[White "Yrjola,J"]
[Black "Mchedlishvili,M"]
[Result "1/2-1/2"]
[WhiteElo "2412"]
[BlackElo "2441"]

1.d4 Nf6 2.c4 e6 3.Nc3 Bb4 4.Qc2 O-O 5.a3 Bxc3+ 6.Qxc3 b6 7.Bg5 Bb7 8.f3 c5
9.dxc5 bxc5 10.e3 d6 11.O-O-O Qe7 12.Bxf6 gxf6 13.Nh3 a5 14.Nf4 Nd7 15.Be2 Kh8
16.g4 Rg8 17.Rhg1 Ne5 18.Rg3 a4 19.Nh5 Rg6 20.g5 Nd7 21.Bd3 e5 22.Bxg6 hxg6
23.Nxf6 Nxf6 24.gxf6 Qxf6 25.f4 Be4 26.Rg4 Bf5 27.Rg2 Rb8 28.fxe5 dxe5 29.Rgd2 Rb3
30.Qa5 Qc6 31.Qd8+ Kg7 32.Qd5 Qc7 33.Re1 Be6 34.Qd6 Qxd6 35.Rxd6 Bxc4 36.Rc6 Rb5
37.Rd1 Be6 38.Ra6 Rb8 39.Re1 Bb3 40.Rc6 Rd8  1/2-1/2

[Event "FSIMB December"]
[Site "Budapest HUN"]
[Date "1999.12.07"]
[Round "4"]
[White "Gottschlich,C"]
[Black "Balogh,C"]
[Result "1-0"]
[WhiteElo "2246"]
[BlackElo "2235"]

1.d4 Nf6 2.c4 e6 3.Nc3 Bb4 4.Qc2 O-O 5.e4 c5 6.a3 Qa5 7.axb4 Qxa1 8.bxc5 Nc6
9.Nf3 e5 10.dxe5 Ng4 11.Be2 Qa5 12.O-O Qxc5 13.Nd5 d6 14.Qc3 dxe5 15.b4 Qd6
16.c5 Qb8 17.h3 Nf6 18.Nxf6+ gxf6 19.Bh6 Re8 20.Nh4 Kh8 21.Qf3 f5 22.Bg5 Kg7
23.Qh5 Nd4 24.Qh6+ Kg8 25.Bf6 Ne6 26.exf5  1-0

[Event "FSIMB December"]
[Site "Budapest HUN"]
[Date "1999.12.09"]
[Round "6"]
[White "Gottschlich,C"]
[Black "Eperjesi,L"]
[Result "0-1"]
[WhiteElo "2246"]
[BlackElo "2381"]

1.d4 Nf6 2.c4 e6 3.Nc3 Bb4 4.Qc2 O-O 5.e3 d5 6.cxd5 exd5 7.Bd3 c5 8.Ne2 c4
9.Bf5 Nc6 10.O-O Bd6 11.a3 Na5 12.f3 Nb3 13.Rb1 a6 14.Bxc8 Rxc8 15.Bd2 Re8
16.Rbe1 Qc7 17.g3 b5 18.Bc1 Qd7 19.Kh1 Bb8 20.Bd2 a5 21.a4 bxa4 22.Ng1 Bd6
23.Nb1 Nxd2 24.Qxd2 Bb4 25.Nc3 a3 26.bxa3 Bxa3 27.e4 dxe4 28.fxe4 Bb4 29.Rf4 Re7
30.Nf3 Rce8 31.Qe3 Bxc3 32.Qxc3 Nxe4 33.Rfxe4 Rxe4 34.Rf1 Qd5 35.Kg1 Re3  0-1

[Event "Open"]
[Site "Las Palmas ESP"]
[Date "1999.12.09"]
[Round "9"]
[White "Cramling,P"]
[Black "Hernando Rodrigo,Jo"]
[Result "1/2-1/2"]
[WhiteElo "2504"]
[BlackElo "2357"]

1.d4 e6 2.c4 Nf6 3.Nc3 Bb4 4.Qc2 O-O 5.a3 Bxc3+ 6.Qxc3 b6 7.Bg5 Ba6 8.e3 h6
9.Bh4 d6 10.Bd3 Nbd7 11.Ne2 Rc8 12.b4 Ne4 13.Bxe4 Qxh4 14.Bc6 Nb8 15.Bf3 c6
16.O-O d5 17.c5 Nd7 18.Rfb1 g5 19.Qc2 Rc7 20.Nc3 f5 21.b5 g4 22.Be2 Bb7 23.bxc6 Bxc6
24.cxb6 Nxb6 25.Qb3 Qf6 26.Qb4 Nc4 27.Bxc4 dxc4 28.Qd6 Rcc8 29.Rb4 Ba8 30.Qf4 h5
31.Rc1 h4 32.Ne2 Bd5 33.Qe5 Qxe5 34.dxe5 Rc5 35.Rc3 Rd8 36.Nd4 Kf7 37.f3 h3
38.gxh3 gxf3 39.Kf2 Rh8 40.Nxf3 Kg6 41.Ng1 Kh5 42.Ne2 Rg8 43.Nf4+ Kg5 44.Rb1 Kh4
45.Rcc1 Ra5 46.Rg1 Rxg1 47.Rxg1 Rxa3 48.Rg6 Ra2+ 49.Kg1 Ra1+ 50.Kf2 Ra2+
51.Kg1 Ra1+ 52.Kf2  1/2-1/2

[Event "ch-ROM"]
[Site "Lasi ROM"]
[Date "1999.12.16"]
[Round "4"]
[White "Grigore,G"]
[Black "Berescu,A"]
[Result "1/2-1/2"]
[WhiteElo "2526"]
[BlackElo "2386"]

1.d4 Nf6 2.c4 e6 3.Nc3 Bb4 4.Qc2 O-O 5.a3 Bxc3+ 6.Qxc3 b6 7.Bg5 Bb7 8.e3 d6
9.f3 h6 10.Bh4 Nbd7 11.O-O-O Qe7 12.e4 e5 13.Ne2 Rfe8 14.Qc2 Qf8 15.Nc3 c6
16.Kb1 a6 17.dxe5 dxe5 18.Be2 b5 19.Rd2 Nc5 20.Rhd1 Ne6 21.Bf2 Rad8 22.Na2 Rxd2
23.Rxd2 Rd8 24.Nc1 Rxd2 25.Qxd2 Qd8 26.Qxd8+ Nxd8 27.Kc2 Kf8 28.Kb3 Ke7 29.a4 bxa4+
30.Kxa4 Nd7 31.b4 c5 32.b5 Kd6 33.Nb3 Ne6 34.Ka5 axb5 35.cxb5 Nd4 36.Bc4 f6
37.Nd2 Kc7 38.Ba2 Nb6 39.Nc4 Nc8 40.h4 g6 41.Ne3 Nd6 42.b6+ Kb8 43.Ng4 Bc6
44.Bxd4 exd4 45.Nxf6 d3 46.Ng4 d2 47.Ne3 Nb7+ 48.Ka6 Ba4 49.e5 d1=Q 50.Nxd1 Bxd1
51.Bc4 Ba4 52.h5 g5 53.g3 Nd8 54.e6 Nb7 55.Bb5 Bd1 56.e7 Nd6 57.Ka5 Nb7+  1/2-1/2

[Event "Young Masters"]
[Site "Groningen NED"]
[Date "1999.12.20"]
[Round "2"]
[White "Ballo,E"]
[Black "Wang Lei"]
[Result "0-1"]
[WhiteElo "2221"]
[BlackElo "2440"]

1.d4 Nf6 2.c4 e6 3.Nc3 Bb4 4.Qc2 O-O 5.a3 Bxc3+ 6.Qxc3 b6 7.Bg5 Ba6 8.e3 d6
9.Nf3 Nbd7 10.Bd3 Re8 11.b4 c5 12.Qb3 d5 13.b5 Bb7 14.Ne5 cxd4 15.exd4 dxc4
16.Bxc4 Nxe5 17.dxe5 Qd4 18.Rc1 Qxe5+ 19.Qe3 Qxe3+ 20.Bxe3 Bxg2 21.Rg1 Bd5
22.Bxd5 Nxd5 23.Kd2 Rec8 24.Rxc8+ Rxc8 25.Bd4 f6 26.Kd3 Kf7 27.a4 Nb4+ 28.Ke4 Rc4  0-1